Real analysis /
Guardado en:
| Autor Principal: | |
|---|---|
| Otros Autores: | |
| Formato: | Libro |
| Idioma: | English |
| Publicado: |
Princeton, N. J. :
Van Nostrand,
c1959.
|
| Series: | The university series in undergraduate mathematics
|
| Etiquetas: |
Agregar Etiqueta
Sin Etiquetas, Sea el primero en etiquetar este registro!
|
| LEADER | 00618nam a22001815a 4500 | ||
|---|---|---|---|
| 001 | MAT.inmabb000977 | ||
| 008 | 031119s1959####nju###########001#0#eng#d | ||
| 005 | 20130219145916.0 | ||
| 245 | 1 | 0 | |a Real analysis / |c by Edward James McShane and Truman Arthur Botts. |
| 260 | |a Princeton, N. J. : |b Van Nostrand, |c c1959. | ||
| 300 | |a ix, 272 p. ; |c 24 cm. | ||
| 440 | 4 | |a The university series in undergraduate mathematics | |
| 510 | 4 | |a MR, |c 22 #84 | |
| 100 | 1 | |a McShane, E. J. |q (Edward James), |d 1904- | |
| 700 | 1 | |a Botts, Truman Arthur, |d 1917- | |
| 084 | |a 26-01 |2 msc2000 | ||
| 010 | |a 59015091 | ||
| 859 | |h 26 |i M175 |p A-842 |b BIB. MATEMATICA | ||
